000 00571nam a2200181Ia 4500
008 240925s9999 xx 000 0 und d
020 _a9789385965050
082 _a651.75 SHA
100 _aSharma, R C; Mohan, Krishna
245 0 _aBusiness Correspondence and Report Writing: a practical approach to business and technical communication
250 _a5th
260 _aNew Delhi:
_bMcGraw Hill Education (India) Private Limited
_c,2017.
300 _a186p.
_b0
_fOriginal
500 _aIncludes Index
600 _aManagement
650 _aManagement
942 _cBK
999 _c16081
_d16081